02873cam a22003735a 4500999001700000001000900017003000900026005001700035008004100052020002500093040010200118082001700220245008500237250001900322264006100341264001100402300006000413336002600473337002800499338002700527500002500554504005100579505089400630520060201524590001502126650005102141651001002192653003902202655001702241700003802258700003902296942001202335952015202347 c19678d1965016352136EG-ScBUE20200128135638.0100728t2011 enka f b 001 0 eng d a9780240520377 (pbk.) aUKMbengerdacUKMdYDXCPdBTCTAdIEBdLANGCdORXdCDXdNDDdF4WdUBYdERASAdVP@dDLCdEG-ScBUE 04a771bMAN22204aThe manual of photography /cedited by Elizabeth Allen, Sophie Triantaphillidou. aTenth edition. 1aOxford ;aBurlington :bElsevier :bFocal Press,c[2011] 4cc 2011 axviii, 566 pages :billustrations (some color) ;c25 cm 2rdacontentatextbtxt 2rdamediaaunmediatedbn 2rdacarrieravolumebnc aIncludes appendices. aIncludes bibliographical references and index.2 aIntroduction to the imaging process -- Light theory -- Photographic light sources -- The human visual system -- Introduction to colour science -- Photographic and geometrical optics -- Images and image formation -- Sensitometry -- Image sensors -- Camera lenses -- Photographic camera systems -- Exposure and image control -- Image formation and the photographic process -- Digital cameras and scanners -- Displays -- Digital printing and materials -- Digital image file formats -- Image storage media and archiving -- Introduction to image quality and system performance -- Speed and sensitivity -- Tone reproduction -- Photographic colour reproduction -- Digital colour reproduction -- Noise, sharpness, resolution and information -- Digital image workflow -- Colour management systems -- Spatial image processing -- Digital image processing in the frequency domain -- Image compression. aThe tenth edition of The Manual of Photography is an indispensable textbook for anyone who is serious about photography. It is ideal if you want to gain insight into the underlying scientific principles of photography and digital imaging, whether you are a professional photographer, lab technician, researcher or student in the field, or simply an enthusiastic amateur. This comprehensive guide takes you from capture to output in both digital and film media, with sections on lens use, darkroom techniques, digital cameras and scanners, image editing techniques and processes, workflow, digital. abasantemad 7aPhotographyxDigital techniques.2BUEsh937027 2BUEsh bCOMAMEbGGENcJune2015cAugust2015 vReading book1 aAllen, Elizabeth,d1969-eeditor.1 aTriantaphillidou, Sophie,eeditor. 2ddccBB 00102ddc40708AlahramaMAINbMAINc2NDd2015-06-15ePurchaseg448.00h340l2m2o771 MANp000038725r2025-07-15 00:00:00s2022-10-09v560.00yBB